Normal view
MARC view
Entry Topical Term
001 - CONTROL NUMBER
- control field: 37027
003 - CONTROL NUMBER IDENTIFIER
- control field: dpl
005 - DATE AND TIME OF LATEST TRANSACTION
- control field: 20111219101201.0
008 - FIXED-LENGTH DATA ELEMENTS
- fixed length control field: 111219|||a|||||| | ||| d
040 ## - CATALOGING SOURCE
- Original cataloging agency: dpl
- Transcribing agency: dpl
150 ## - HEADING--TOPICAL TERM
- Topical term or geographic name as entry element: Leadership
670 ## - SOURCE DATA FOUND
- Source citation: Work cat.: (dpl)59484: 36352 Larkin, Enda , Quick win leadership : , 2012
670 ## - SOURCE DATA FOUND
- Source citation: Work cat.: (dpl)59484: 36352 Larkin, Enda , Quick win leadership : , 2012
